00310nam a2200097Ia 4500008004100000100002800041245004900069260006300118650001200181999001900193160725s9999 xx 000 0 und d aTomas, Grace Fe C., RN. aReflective paper on philosophy of education. bKaizen Research Journal College of NursingcSeptember 2012 aNURSING c298018d298018